Psicoterapia individual y la ciencia de la psicodinámica /

Đã lưu trong:
Chi tiết về thư mục
Tác giả chính: Malan, David H. (autor)
Định dạng: Sách
Ngôn ngữ:Tiếng Tây Ban Nha
Được phát hành: Buenos Aires, Argentina : Paidós, 1983
Những chủ đề:
Các nhãn: Thêm thẻ
Không có thẻ, Là người đầu tiên thẻ bản ghi này!

MARC

LEADER 00000nam^a2200000^a^4500
001 000010175
005 20250521000000.0
009 20260310083656.406
037 |a Acervo ITESO - Biblioteca 
041 |a ESP 
082 |a 616. 8914  |b MAL 
100 |a Malan, David H.  |e (autor) 
245 1 0 |a Psicoterapia individual y la ciencia de la psicodinámica /  |c D.H. Malan. 
264 1 |a Buenos Aires, Argentina :  |b Paidós,  |c 1983 
300 |a 329 p. 
336 |a texto  |b txt  |2 rdacontenido 
337 |a sin mediación  |b n  |2 rdamedio 
338 |a volumen  |b nc  |2 rdasoporte 
649 |a XX 
650 |a Psicoterapia 
650 |a Psicología Clínica 
650 |a Psicoanálisis 
910 |a Fondo General 
920 |a Impresos - Libros 
930 |a Colección General 
905 |a 101 
901 |a 0101750100  |b IT1  |c ACC  |i 010175  |u 20250521 
902 |a https://opac.biblio.iteso.mx/vufind/Record/000010175